[Event "Gap op 2nd"]
[Site "Gap"]
[Date "2008.04.19"]
[Round "9"]
[White "Pommeret, Jean Claude"]
[Black "Philippe, Christophe"]
[Result "0-1"]
[WhiteElo "1923"]
[BlackElo "2407"]
[PlyCount "58"]
[EventDate "2008.04.14"]
[EventType "swiss"]
[EventRounds "9"]
[EventCountry "FRA"]
[SourceTitle "CBM 123 Extra"]
[Source "ChessBase"]
[SourceDate "2008.05.06"]
[SourceVersion "1"]
[SourceVersionDate "2008.05.06"]
[SourceQuality "1"]

1. e4 Nf6 2. e5 Nd5 3. c4 Nb6 4. d4 d6 5. f4 dxe5 6. fxe5 Nc6 7. Be3 Bf5 8. Nc3 e6 9. Nf3 Be7 10. d5 exd5 11. cxd5 Nb4 12. Nd4 Bd7 13. e6 fxe6 14. dxe6 Bc6 15. Qg4 Bh4+ 16. g3 Bf6 17. 0-0-0 N6d5 18. Nf5 g6 19. Bc4 Nxe3 20. Rxd8+ Rxd8 21. Nxe3 Bxh1 22. Ne4 Bd4 23. Nc2 Nxc2 24. Kxc2 Rf8 25. Nc3 Rf2+ 26. Kb3 Rd6 27. Bb5+ c6 28. Bc4 b5 29. Be2 a5 0-1